<?xml version="1.0" encoding="UTF-8"?><marc:collection xmlns:marc="http://www.loc.gov/MARC21/slim">
  <marc:record>
    <marc:leader>00000nam##2200000za#4500</marc:leader>
    <marc:controlfield tag="001">9.615202</marc:controlfield>
    <marc:controlfield tag="003">CaOODSP</marc:controlfield>
    <marc:controlfield tag="005">20200706133941</marc:controlfield>
    <marc:controlfield tag="007">ta</marc:controlfield>
    <marc:controlfield tag="008">150406|2000||||xxc|||||     f|0| 0 eng|d</marc:controlfield>
    <marc:datafield tag="020" ind1=" " ind2=" ">
      <marc:subfield code="a">0-660-18189-4</marc:subfield>
    </marc:datafield>
    <marc:datafield tag="022" ind1=" " ind2=" ">
      <marc:subfield code="a">1200-5223</marc:subfield>
    </marc:datafield>
    <marc:datafield tag="040" ind1=" " ind2=" ">
      <marc:subfield code="a">CaOODSP</marc:subfield>
      <marc:subfield code="b">eng</marc:subfield>
    </marc:datafield>
    <marc:datafield tag="043" ind1=" " ind2=" ">
      <marc:subfield code="a">n-cn---</marc:subfield>
    </marc:datafield>
    <marc:datafield tag="086" ind1="1" ind2=" ">
      <marc:subfield code="a">CS11-0019/151E</marc:subfield>
    </marc:datafield>
    <marc:datafield tag="245" ind1="0" ind2="0">
      <marc:subfield code="a">Multinationals and the Canadian innovation process / </marc:subfield>
      <marc:subfield code="c">by John Baldwin and Petr Hanel. </marc:subfield>
    </marc:datafield>
    <marc:datafield tag="260" ind1=" " ind2=" ">
      <marc:subfield code="a">Ottawa - Ontario : </marc:subfield>
      <marc:subfield code="b">Statistics Canada. </marc:subfield>
      <marc:subfield code="c">2000.</marc:subfield>
    </marc:datafield>
    <marc:datafield tag="300" ind1=" " ind2=" ">
      <marc:subfield code="a">vii, 76p. : </marc:subfield>
      <marc:subfield code="b">graphs, tables ; </marc:subfield>
      <marc:subfield code="c">28 cm.</marc:subfield>
    </marc:datafield>
    <marc:datafield tag="490" ind1="1" ind2=" ">
      <marc:subfield code="a">Research paper series</marc:subfield>
      <marc:subfield code="x">1200-5223</marc:subfield>
      <marc:subfield code="v">No. 151</marc:subfield>
    </marc:datafield>
    <marc:datafield tag="500" ind1=" " ind2=" ">
      <marc:subfield code="a">"This paper examines whether new views of the multinational that see these firms as decentralizing R&amp;D activities abroad to exploit local competencies accord with the activities of multinationals in Canada. The paper describes the innovation regime of multinational firms in Canada by examining the differences between foreign and domestically owned firms."--Abstract.</marc:subfield>
    </marc:datafield>
    <marc:datafield tag="504" ind1=" " ind2=" ">
      <marc:subfield code="a">Bibliography.</marc:subfield>
    </marc:datafield>
    <marc:datafield tag="520" ind1="3" ind2=" ">
      <marc:subfield code="a">This paper examines whether new views of the multinational that see these firms as decentralizing R&amp;D activities abroad to exploit local competencies accord with the activities of multinationals in Canada. The paper describes the innovation regime of multinational firms in Canada by examining the differences between foreign and domestically owned firms.--Abstract</marc:subfield>
    </marc:datafield>
    <marc:datafield tag="563" ind1=" " ind2=" ">
      <marc:subfield code="a">Softcover</marc:subfield>
    </marc:datafield>
    <marc:datafield tag="590" ind1=" " ind2=" ">
      <marc:subfield code="a">00-27</marc:subfield>
      <marc:subfield code="b">2000-07-07</marc:subfield>
    </marc:datafield>
    <marc:datafield tag="710" ind1="2" ind2=" ">
      <marc:subfield code="a">Statistics Canada. </marc:subfield>
      <marc:subfield code="b">Analytical Studies Branch.</marc:subfield>
    </marc:datafield>
    <marc:datafield tag="720" ind1="1" ind2=" ">
      <marc:subfield code="a">Baldwin, John</marc:subfield>
    </marc:datafield>
    <marc:datafield tag="720" ind1="1" ind2=" ">
      <marc:subfield code="a">Hanel, Petr</marc:subfield>
    </marc:datafield>
    <marc:datafield tag="775" ind1="0" ind2="8">
      <marc:subfield code="t">Les multinationales et le processus d'innovation au Canada / </marc:subfield>
      <marc:subfield code="w">(CaOODSP)9.625326</marc:subfield>
    </marc:datafield>
    <marc:datafield tag="776" ind1="0" ind2="#">
      <marc:subfield code="t">Multinationals and the Canadian innovation process / </marc:subfield>
      <marc:subfield code="w">(CaOODSP)9.574677</marc:subfield>
    </marc:datafield>
    <marc:datafield tag="830" ind1="#" ind2="0">
      <marc:subfield code="a">Research paper series,</marc:subfield>
      <marc:subfield code="x">1200-5223</marc:subfield>
      <marc:subfield code="v">No. 151</marc:subfield>
      <marc:subfield code="w">(CaOODSP)9.514463</marc:subfield>
    </marc:datafield>
  </marc:record>
</marc:collection>
